Literatura coquimbana: Estudios biográficos i críticos sobre los literatos que ha producido la provincia de Coquimbo. Obra ilustrada con los retratos de los principales escritores de esa provincia

Αποθηκεύτηκε σε:
Λεπτομέρειες βιβλιογραφικής εγγραφής
Κύριος συγγραφέας: Soto Ayala, L. Carlos (Συγγραφέας)
Μορφή: Βιβλίο
Γλώσσα:Ισπανικά
Έκδοση: Santiago Imprenta Francia 1908
Έκδοση:1a. ed
Σειρά:Antología literaria de Chile
Θέματα:
Ετικέτες: Προσθήκη ετικέτας
Δεν υπάρχουν, Καταχωρήστε ετικέτα πρώτοι!

MARC

LEADER 00000nam a2200000 a 4500
001 UCJ4270
003 CL-VaPUC
008 070124e19080000CL |||||||||||||||||spa|d
082 0 4 |a Ch860  |b SOT  |2 21 
100 0 |a Soto Ayala, L. Carlos  |e author  |9 507619 
245 1 0 |a Literatura coquimbana: Estudios biográficos i críticos sobre los literatos que ha producido la provincia de Coquimbo. Obra ilustrada con los retratos de los principales escritores de esa provincia 
250 |a 1a. ed 
300 |a 156 p 
942 |c BK 
945 |d 20070124 00:00:00  |a rinostro 
260 |a Santiago  |b Imprenta Francia  |c 1908 
500 |a Fotografía del autor 
600 0 7 |a GUERRA, MANUEL ANTONIO  |2 CL-VaPUC  |9 507620 
600 0 7 |a ESCOBAR, JOSE IGNACIO  |2 CL-VaPUC  |9 507621 
650 0 |a Crítica literaria   |9 269189 
650 0 |a Antologías  |9 309836 
650 0 |a Bibliografías   |9 257071 
650 0 |a Poesía chilena   |9 268403 
650 0 |a Biografías  |9 255210 
651 0 |a Coquimbo, Chile  |9 319271 
583 |a last modification  |c 20131003 03:37:56  |k Rodrigo Vera 
490 0 |a Antología literaria de Chile 
999 |c 320387  |d 320385 
952 |0 0  |1 0  |4 0  |6 CH_860_000000000000000_SOT_1908  |7 0  |8 X  |9 398900  |a FDOBUD  |b FDOBUD  |d 2019-11-22  |i 1016075  |o Ch860 SOT 1908  |p 1016075  |r 2019-11-22  |w 2019-11-22  |y BK_X  |k BUD